000 00280nam a2200133Ia 4500
100 _aPopov/S
942 _cBK
654 _aMeasurements
245 _aElectrical Measurements
260 _bMir Publishers
_aMoscow
_c1973
082 _a621.3
300 _a310
546 _aENGLISH
999 _c20447
_d20447